Tullia (Record no. 159206)

MARC details
000 -LEADER
campo de control de longitud fija 00577nam a2200169 i 4500
001 - NÚMERO DE CONTROL
campo de control 159206
003 - IDENTIFICADOR DE NÚMERO DE CONTROL
campo de control ES-MaACL
005 - FECHA Y HORA DE LA ÚLTIMA TRANSACCIÓN
campo de control 20230906211504.0
008 - DATOS DE LONGITUD FIJA--INFORMACIÓN GENERAL
campo de control de longitud fija 040908s1857 fr |||| | fre d
040 ## - FUENTE DE CATALOGACIÓN
Centro catalogador/agencia de origen CAM
Lengua de catalogación spa
Centro/agencia transcriptor CAM
100 1# - ENTRADA PRINCIPAL--NOMBRE DE PERSONA
Nombre de persona Maurin, Léonce.
9 (RLIN) 129745
245 10 - MENCIÓN DEL TÍTULO
Título Tullia
Resto del título : étude de l'antiquité /
Mención de responsabilidad, etc. par Léonce Maurin.
260 ## - PUBLICACIÓN, DISTRIBUCIÓN, ETC.
Lugar de publicación, distribución, etc. Nimes :
Nombre del editor, distribuidor, etc. [s.n.],
Fecha de publicación, distribución, etc. 1857 (
Fabricante Typographie C. Durand-Belle)
300 ## - DESCRIPCIÓN FÍSICA
Extensión 131 p. ;
Dimensiones 23 cm.
600 14 - PUNTO DE ACCESO ADICIONAL DE MATERIA--NOMBRE DE PERSONA
Nombre de persona Tullia.
9 (RLIN) 164331
852 ## - LOCALIZACIÓN
Ubicación ES-MaACL
Número de control de estantería T-185-F-2
Nota libre -- Enc. hol.
condición física -- Falto de la cub. original
Nota libre -- Enc. en un vol. facticio
Holdings
Estatus retirado Estado de pérdida Estado de daño No para préstamo Colección Biblioteca de origen Biblioteca actual Ubicación en estantería Fecha de adquisición Total de préstamos Signatura topográfica completa Código de barras Visto por última vez Precio de reemplazo Tipo de ítem Koha
        Colección de folletos Biblioteca del Ateneo de Madrid Biblioteca del Ateneo de Madrid Depósito folletos 17/01/2008   T-185-F-2 1166664 23/02/2023 23/02/2023 Folleto